01623 2200649 4500001002100000005001500021035002500036008004100061245009900102250001100201260004000212300003600252500001100288650001400299700003700313850001200350007000300362020001800365040001700383082001000400084001600410100002300426041000800449505003600457990001500493990001500508990001500523990001500538990001500553990001500568990001500583990001500598990001500613990001500628990001500643990001500658990001500673990001500688990001500703990001500718990001500733990001500748990001500763990001500778990001500793990001500808990001500823990001500838990001500853990001500868990001500883990001500898990001500913990001500928990001500943990001500958YOGYA-0209000000127420190722110606 a0010-020900000001274090227s1989 jki g ind d aDiplomasi :bujung tombak perjuangan RI /coleh, Mohamad Roem; penyunting, Kustiniyati Mochtar aCet. 13 aJakarta :bpenerbit Gramedia,c1989 axviii, 141 hlm :bilus ;c21 cm aIndeks 4aDiplomasi0 aKustiniyanti Mochtarepenyunting aYOPDYOGta a979-403-629-3 aYOPDYOGbind04a327.2 a327.2 MOH d0 aMohamad Roemeoleh0 aind aKumpulan karangan: Mohamad Roem a75384-P/95 a75385-P/95 a45307-P/93 a75386-P/95 a62187-P/95 a45307-P/93 a75384-P/95 a75385-P/95 a75386-P/95 a62187-P/95 a45307-P/93 a75384-P/95 a75385-P/95 a75386-P/95 a62187-P/95 a75385-P/95 a75384-P/95 a45307-P/93 a75386-P/95 a62187-P/95 a46153-P/93 a75384-P/95 a75385-P/95 a45307-P/93 a75386-P/95 a62187-P/95 a46153-P/93 a75384-P/95 a75385-P/95 a45307-P/93 a75386-P/95 a62187-P/95